000 00293nam a2200121Ia 4500
008 241028s9999 xx 000 0 und d
041 _aeng
082 _a658.314 CAP
100 _aJaice Caplan
245 _aThe Value Of Talent
260 _bKogen Page
_aLondon
_c2011
300 _a175;. P. 23 cm
999 _c42952
_d42952